000 01406nam0a2200337 4500
001 RU\NLR\bibl\1099063
005 20260405135049.0
010 _a978-5-94836-119-2
_91500
021 _aRU
_b2007-46780
_92488
035 _a(NLR Aleph) 001086166
090 _a1089370
_c1089370
100 _a20070615d2007 |||y0rusy50 ca
101 1 _arus
_ceng
102 _aRU
105 _aa |||||||||
200 1 _aАрхеология. В начале
_fБ. Фаган, К. ДеКорс
_gперевод с англ. Н.Ю. Струкова
210 _aМосква
_cТехносфера
_d2007
215 _a591 с.
_cил., портр.
_d25
300 _aНа с. 14-15 авт.: Б. Фаган, засл. проф. антропологии в отставке, К.Р. ДеКорс, д-р антропологии и археологии
320 _aБиблиогр.: с. 570-591 и в конце глав
320 _aДр. работы авторов: с. 14-15
606 1 _aАрхеология
_91020763
_3RU\NLR\auth\6672309
686 _aТ4
700 1 _4070
_8rus
_7ca
_aФаган
_bБ. М.
_gБрайан М.
_3RU\NLR\auth\7755507
_938439
701 1 _4070
_8rus
_7ca
_aДеКорс
_bК. Р.
_gКристофер Р.
_3RU\NLR\auth\7755508
_938440
801 0 _aRU
_bNLR
_c20070615
_gRCR
801 1 _aRU
_bNLR
_c20070615
830 _aавт. по кн.
942 _cBOOK
980 _aNB